00660nam a22002297a 450000500170000000800410001702000180005804000080007604100120008408200150009610000230011124500160013426000440015030000370019433600270023133700330025833800290029165000120032065000360033265000330036870000290040120250620184032.0250620s1979 mx ||||gr|||| 001 0 spa d a91-27-69304-X bspa aspahsw042468 /aL56 aLLOBET, ANN- MARIE aEN CAMINO 2 aSUECIA : bNATUR OCH KULTUR , c1979 .  a256 páginas , b23 cm x 17 cm  2rdacontentatextobtxt 2rdamediaasin mediaciónbn 2rdacarrieravolumen bnc 2LENGUAS 2LENGUAS ESPAÑOLA Y PORTUGUESA 2USO DEL ESPAÑOL ESTÁNDAR aLANE, INGRIDbTRADUCTOR